| 000 | 00492nam a2200169 4500 | ||
|---|---|---|---|
| 999 |
_c27363 _d27363 |
||
| 008 | 240716b ||||| |||| 00| 0 eng d | ||
| 020 |
_a8186852883 _cRs 150.00 |
||
| 041 | 0 | _aeng | |
| 082 | 0 | 0 |
_a828.9935 _bM9849 |
| 100 |
_95637 _aMurty, Sudha |
||
| 245 | 1 | 0 |
_aWise and other wise : a salute to life / _cSudha Murty |
| 260 |
_aChennai : _bEast West Books (Madras) Pvt. Ltd., _c2005. |
||
| 300 |
_a188 p. ; _c22 cm |
||
| 365 |
_aINR _b150.00 |
||
| 650 | 0 | _aEnglish Literature | |
| 942 |
_2ddc _cBK |
||